000 02780nam a2200361Ia 4500
001 dia_5964
003 CHAP
005 20230324135439.0
007 ta
008 220117s2011 ag fr 001 0 spa d
010 _a177116
020 _a978-950-507-829-5
040 _cCHAP
_amxchpua
050 _aBF723.R46
_b.S56 2011
082 _a370.153
_bS56 2011
_220
100 1 _aSimpson, María Gabriela
_9160262
_eautora
245 1 0 _aResiliencia en el aula, un camino posible /
_cMaría Gabriela Simpson
250 _a4a edición
264 _aBuenos Aires, Argentina :
_bBonum,
_c2011
300 _a107 páginas
504 _aBibliografía: páginas 95-98
520 2 _aEn tiempos en que la cultura provoca niveles alarmantes de cansancio y de presión en grandes y chicos, es muy oportuno recibir un libro que trata, precisamente, de la herramienta básica de cada ser humano: su capacidad de "resiliencia" para superar estos males. Se trata de hallar el camino que nos permita encontrar fuerzas que nos reorganicen para retomar la vida diaria, cuando pasamos por esos malos momentos de las frustraciones o de los problemas que tienden a hacer- nos bajar los brazos. Escrito con profundo conocimiento del tema y con la suficiente cercanía humana como para transmitir entusiasmo al emprender la tarea de formar y vivir nuestra capacidad de resiliencia, este material es altamente recomendable como un auténtico libro guía o de cabecera. Si "educar es generar autoestima", como ha escrito Julio César Labaké, generar resiliencia es dar las herramientas para rehacer nuestra confianza en que la vida es posible aun en medio de las mayores dificultades. Un libro que hará bien a los docentes y a los padres, y por ellos a los alumnos y a los hijos. María Gabriela Simpson Periodista, grafoanalista, licenciada en Gestión de Instituciones Educativas, docente en el nivel universitario y de posgrado, codirectora de GIRA. Realiza actividades de formación y capacitación docente y profesional, dirección y coordinación de proyectos de trabajo e investigación, consultoría y análisis institucional. Autora de Resiliencia sociocultural, del yo puedo al nosotros podemos;11 claves para generar resiliencia y Resiliencia y currículum escolar, una alianza innovadora.
650 1 3 _aPsicología infantil
_9134157
650 1 3 _aChild psychology
_9160263
650 1 3 _aResiliencia (Rasgos de personalidad)
_9160266
650 1 3 _aResiliencia (Rasgos de personalidad) en niños
_9160267
650 1 3 _aResilience (Personality trait)
_9160264
650 1 3 _aResilience (Personality trait) in children
_9160265
901 _a370.153 S56 2011
902 _aM
905 _a5232272011 ag n 8222123322spa16
942 _cLIBRO
_2ddc
999 _c177116
_d177116